1146 1970 1384 1891 1057 1867 1350 1651 1233 1398 1496 1178 1940 1851 1385 1906 1257 1530 1778 1583 1708 1950 1367 1302 1189 1473 1702 1323 1796 1614 1630 1712 1395 1529 1664 1008 1562 1429 1559 1530 1433 1432 1653 1777 1929 1630 1911 1446 1584 1479 1086 1618 1446 1577 1780 1752 1109 1347 1939 1211 1514 1425 1182 1731 1846 1012 1698 1581 1679 1147 1264 1670 1082 1135 1140 1889 1186 1079 1185 1134 1019 1964 1778 1860 1702 1915 1906 1339 1602 1010 1821 1398 1213 1376 1287 1429 1658 1023 1937 BCNSPRNW ULIB Ver.6.0+V

เปลี่ยนเป็นภาษาไทย

Change to English
 แสดงรายละเอียดบรรณานุกรม
  กลับหน้าหลัก

Brief Record : Get Marc (ISO 2709) : E-mail record : QR code < ปิดหน้าต่าง
LEADER : 00000nam 2200000uu 4500
001    13399108859
003     ULIB
008    110315s2544||||th 000 0 tha d
020    9742941785
060 04 W225.JT3^bก218ก 2544
110 2  กระทรวงสาธารณสุข. ^bสำนักนโยบายและแผนสาธารณสุข
245 10 การประเมินนโยบายและยุทธศาสตร์การบรรลุเป้าหมายสุขภาพดีถ้วนหน้าปี 2543 =^bEvaluating the implementation of strategy for health for all by the year 2000 /^cโดยสำนักนโยบายและแผนสาธารณสุข กระทรวงสาธารสุข ร่วมกับคณะมนุษยศาสตร์และสังคมศาสตร์ คณะพยาบาลศาสตร์ และคณะสาธารณสุขศาสตร์ มหาวิทยาลัยขอนแก่น
246 31 Evaluating the implementation of strategy for health forall by the year 2000
250    พิมพ์ครั้งที่ 1
260    กรุงเทพฯ :^bกระทรวงสาธารสุข,^c2544
300    ฮ, กก-ฎฎ, 592 หน้า :^bภาพประกอบ ;^c26 ซม.
504    บรรณานุกรม
650  2 ประกันสุขภาพ^zไทย
650  7 Insurance, Health^zThailand
710 2  มหาวิทยาลัยขอนแก่น. ^bคณะมนุษยศาสตร์และสังคมศาสตร์
710 2  มหาวิทยาลัยขอนแก่น. ^bคณะพยาบาลศาสตร์
710 2  มหาวิทยาลัยขอนแก่น. ^bคณะสาธารณสุขศาสตร์
945    ^p0^l0^i014242
945    ^p0^l0^i014240
945    ^p0^l0^i014243
945    ^p0^l0^i014241
995    ทศพร
999 ^a ใช้งานได้ทุกระบบ
รายการนี้ยังไม่มีแท็ก
คุณยังไม่ได้ล็อกอิน คุณสามารถมีกิจกรรมร่วมกับเว็บไซต์ได้ แต่ต้องล็อกอินก่อน ::
  ล็อกอิน

รายการสื่อสารสนเทศ

ลำดับที่ ประเภท เลขเรียก/บาร์โค้ด สถานที่ สถานะ
- ไม่พบข้อมูล -

BibComment


ยังไม่เคยถูกคอมเมนท์

คอมเมนท์ทรัพยากรรายการนี้
  คอมเมนท์: การประเมินนโยบายแ..


 Copyright 2026. Bcnsprnw @Library